<?xml version="1.0" encoding="UTF-8"?>
<record
    xmlns:xsi="http://www.w3.org/2001/XMLSchema-instance"
    xsi:schemaLocation="http://www.loc.gov/MARC21/slim http://www.loc.gov/standards/marcxml/schema/MARC21slim.xsd"
    xmlns="http://www.loc.gov/MARC21/slim">

  <leader>01133nam a2200325 a 4500</leader>
  <controlfield tag="001">000000424796</controlfield>
  <controlfield tag="003">IT-MiSPE</controlfield>
  <controlfield tag="005">20200907153850.0</controlfield>
  <controlfield tag="008">160620s2013    it            0000u ita d</controlfield>
  <datafield tag="020" ind1=" " ind2=" ">
    <subfield code="a">9788845916151</subfield>
    <subfield code="c">50,00 EUR</subfield>
  </datafield>
  <datafield tag="040" ind1=" " ind2=" ">
    <subfield code="a">IT-MiSPE</subfield>
    <subfield code="b">ita</subfield>
    <subfield code="d">lco</subfield>
    <subfield code="c">IT-MiSPE</subfield>
  </datafield>
  <datafield tag="041" ind1=" " ind2=" ">
    <subfield code="a">ita</subfield>
    <subfield code="h">fre</subfield>
  </datafield>
  <datafield tag="082" ind1=" " ind2=" ">
    <subfield code="a">843-CIO em qu (axa 23279)</subfield>
  </datafield>
  <datafield tag="100" ind1="1" ind2=" ">
    <subfield code="a">Cioran, &#xC9;mile Michel,</subfield>
    <subfield code="d">1911-1995.</subfield>
    <subfield code="9">58185</subfield>
  </datafield>
  <datafield tag="240" ind1="1" ind2="0">
    <subfield code="a">Cahiers 1957-1972.</subfield>
    <subfield code="l">fre</subfield>
  </datafield>
  <datafield tag="245" ind1="1" ind2="0">
    <subfield code="a">Quaderni 1957-1972 /</subfield>
    <subfield code="c">E.M. Cioran ; prefazione di Simone Bou&#xE9; ; traduzione di Tea Turolla.</subfield>
  </datafield>
  <datafield tag="250" ind1=" " ind2=" ">
    <subfield code="a">3a ed.</subfield>
  </datafield>
  <datafield tag="260" ind1=" " ind2=" ">
    <subfield code="a">Milano :</subfield>
    <subfield code="b">Adelphi,</subfield>
    <subfield code="c">2013.</subfield>
  </datafield>
  <datafield tag="300" ind1=" " ind2=" ">
    <subfield code="a">1103 p. ;</subfield>
    <subfield code="c">22 cm</subfield>
  </datafield>
  <datafield tag="490" ind1="1" ind2=" ">
    <subfield code="a">Piccola biblioteca Adelphi ;</subfield>
    <subfield code="v">411</subfield>
  </datafield>
  <datafield tag="504" ind1=" " ind2=" ">
    <subfield code="a">Contiene riferimenti bibliografici</subfield>
  </datafield>
  <datafield tag="600" ind1="1" ind2="4">
    <subfield code="a">Cioran, &#xC9;mile Michel,</subfield>
    <subfield code="d">1911-1995.</subfield>
    <subfield code="9">58185</subfield>
  </datafield>
  <datafield tag="655" ind1=" " ind2="7">
    <subfield code="a">Filosofi di varie altre lingue</subfield>
    <subfield code="x">Vari altri filosofi.</subfield>
    <subfield code="2">local</subfield>
    <subfield code="9">58186</subfield>
  </datafield>
  <datafield tag="700" ind1="1" ind2=" ">
    <subfield code="a">Bou&#xE9;, Simone,</subfield>
    <subfield code="e">pr.</subfield>
    <subfield code="9">58187</subfield>
  </datafield>
  <datafield tag="700" ind1="1" ind2=" ">
    <subfield code="a">Turolla, Tea,</subfield>
    <subfield code="e">tr.</subfield>
    <subfield code="9">58188</subfield>
  </datafield>
  <datafield tag="830" ind1=" " ind2="0">
    <subfield code="a">Piccola biblioteca Adelphi ;</subfield>
    <subfield code="v">411.</subfield>
    <subfield code="9">58189</subfield>
  </datafield>
  <datafield tag="942" ind1=" " ind2=" ">
    <subfield code="2">ddc</subfield>
    <subfield code="c">BK</subfield>
  </datafield>
  <datafield tag="999" ind1=" " ind2=" ">
    <subfield code="c">358658</subfield>
    <subfield code="d">358658</subfield>
  </datafield>
  <datafield tag="952" ind1=" " ind2=" ">
    <subfield code="0">0</subfield>
    <subfield code="1">0</subfield>
    <subfield code="2">ddc</subfield>
    <subfield code="4">0</subfield>
    <subfield code="6">843CIO_EM_QU_AXA_23279</subfield>
    <subfield code="7">1</subfield>
    <subfield code="a">CINISELLO</subfield>
    <subfield code="b">CINISELLO</subfield>
    <subfield code="d">2020-09-07</subfield>
    <subfield code="l">0</subfield>
    <subfield code="o">843-CIO em qu (axa 23279)</subfield>
    <subfield code="p">9788845916151</subfield>
    <subfield code="r">2020-06-17 00:00:00</subfield>
    <subfield code="w">2020-09-07</subfield>
    <subfield code="y">BK</subfield>
  </datafield>
</record>
